Langues - 10 plus grandes langues germaniques - Statistiques

Statistiques générales
  • Ce quiz a été pris 201 fois
  • Le résultat moyen est 6 sur 10
Statistiques - réponses
# Langues % Correct
100 mil. Allemand
99%
360-400 mil. Anglais
95%
23 mil. Néerlandais
89%
5 mil. Norvégien
88%
9,2 mil. Suédois
88%
5,5 mil. Danois
85%
7,1 mil. Afrikaans
29%
1.5 mil. Yiddish
12%
6,7 mil. Bas saxon
11%
1.5 mil. Scots
10%
Aucun quiz correspondant
Distribution des résultats
% des personnes avec chaque résultat
Percentile par nombre de réponses
Votre historique - résultats
Vous n’avez pas pris ce quiz